Normal view
MARC view
Entry Geographic Name
001 - CONTROL NUMBER
- control field: 46466
003 - CONTROL NUMBER IDENTIFIER
- control field: ARRUPE
005 - DATE AND TIME OF LATEST TRANSACTION
- control field: 20190522093306.0
008 - FIXED-LENGTH DATA ELEMENTS
- fixed length control field: 190522|| aca||aabn | a|a d
040 ## - CATALOGING SOURCE
- Original cataloging agency: ARRUPE
- Transcribing agency: ARRUPE
151 ## - HEADING--GEOGRAPHIC NAME
- Geographic name: Islamic Empire
- General subdivision: History
- Chronological subdivision: 622-661.
670 ## - SOURCE DATA FOUND
- Source citation: Work cat.: (ARRUPE)0: Brown, Jonathan (Jonathan A. C.) 46464, Muhammad :, 2011.